|
|
|
|
| LEADER |
00000nab a2200000 ar4500 |
| 001 |
vtls011429555 |
| 003 |
SK-MaSNL |
| 005 |
20260426073926.0 |
| 008 |
151221c20151030xo dr|n|||||||000 b|slo |
| 038 |
|
|
|a PPPK
|
| 040 |
|
|
|a PPPKCL
|b slo
|c PPPKCL
|e AACR2
|
| 041 |
0 |
|
|a slo
|
| 044 |
|
|
|a xo
|c SK
|
| 080 |
|
|
|a 32-051
|x (437.6)
|2 2001
|
| 080 |
|
|
|a 347.99
|x (437.6)
|2 2001
|
| 100 |
1 |
|
|a Kováč, Peter
|4 aut
|9 5310
|
| 245 |
1 |
0 |
|a Ústavný súd Kisku skritizoval
|b situácia, k akej dospelo riešenie kompetencií prezidenta, je podľa Andreja Kisku vážna
|c Peter Kováč ; [Foto] TASR
|
| 300 |
|
|
|b Fotogr.
|
| 600 |
1 |
7 |
|a Kiska, Andrej,
|d 1963-
|2 pppkcl
|9 116882
|
| 610 |
1 |
7 |
|a Slovensko.
|b Prezident (2014-2019 : Kiska)
|2 pppkcl
|9 56156
|
| 610 |
1 |
7 |
|a Slovensko.
|b Ústavný súd
|2 pppkcl
|9 17010
|
| 650 |
0 |
7 |
|a prezidenti
|2 pppkcl
|9 4128
|
| 650 |
0 |
7 |
|a sudcovia
|2 pppkcl
|9 30661
|
| 650 |
0 |
7 |
|a súdnictvo
|2 pppkcl
|9 2632
|
| 651 |
|
7 |
|a Slovensko
|2 pppkcl
|9 14231
|
| 773 |
0 |
|
|t Sme : denník
|g Roč. 23, č. 251 (30.10.2015), s. 6
|x 1335-440X
|
| 852 |
|
|
|a PPPK
|b KIS3GCP
|
| 999 |
|
|
|c 2720105
|d 2722035
|